000 010660131a2200253 4500
005 20140310183538.0
008 140115b xxu||||| |||| 00| 0 eng d
010 _a2009006367
020 _a9781412972307
050 _aLB 1050.455
_b.C52 2009
100 _aChapman, Carolyn
_4, 1945-
245 _aDifferentiated instructional strategies for reading in the content areas /
_cCarolyn Chapman, Rita King.
260 _aThousand Oaks, CA :
_bCorwin,
_cc2009.
300 _axii, 203 p. :
_bill. ;
_c26 cm.
500 _aIncludes bibliographical references and index.
520 _aContents: Creating a climate to motivate readers: learn to read with me -- Knowing and assessing the reader -- Differentiated models and strategies of reading -- Vocabulary -- The art of decoding -- Comprehension and flexible grouping -- Planning.
521 _aEDU
650 _aContent area reading
650 _aLanguage arts
_xCorrelation with content subjects
650 _aIndividualized instruction
700 _aKing, Rita
942 _cBK
_2lcc
_kFOR
999 _c24753
_d24753